000 01248nam a22003257i 4500
003 EG-GICUC
005 20260121101531.0
008 251222s1955 fr k|||fr|||| 001 0 fre d
040 _aEG-GiCUC
_bfre
_cEG-GiCUC
_dEG-GiCUC
_eRda
041 _afre
082 0 4 _221
_a341.83044
_bSI . A
092 0 4 _221
099 _aLaw1 12 341.83044 SI . A 1955
100 1 _aSimon-Depitre, Marthe,
_d1911-1997,
_eAuteur
245 1 2 _aL'activité Professionnelle Des Étrangers en France (Professions Non Salariées) /
_cPar Marthe Simon-Depitre.
264 1 _aParis :
_bLibrairie du Journal des notaires et des avocats,
_c1955.
300 _a431 pages :
_bforms. ;
_c 24 cm.
336 _2rda contenu
_a texte
337 _2rda medias
_aOrdinateur
338 _2 transporteur rda
_a Ressource en ligne
490 0 _aComment faire: législation, jurisprudence, doctriné ;
_v6.
500 _aTraités internationaux": p. 223-372.
504 _aInclude Bibliography: pages 395-400 And Bibliographic references
546 _aTexte en français
650 1 4 _aÉtrangers
_xDroit international privé
_zFrance
_2qrmak
651 1 _2qrmak
856 4 0 _uhttps://fll.law.cu.edu.eg/fulltext/bks/B12-01681.pdf
905 _a75
_eYara
942 _2ddc
_cBK
_e21
_n0
999 _c52106
_d52106